000 00696nam a2200217 a 4500
999 _c4845
_d4845
001 4845
003 BD-JhCC
005 20180529103036.0
008 171204s1967 bg |||| ||a| 000 0 ben d
035 _a(BD-JhCC)4845
040 _aBD-JhCC
_dBD-JhCC
041 _aeng
082 _a903
_bOYT 1967
245 _aঐতিহাসিক অভিধান /
_cমোহাম্মদ মতিওর রহমান (সংকলক)
260 _aঢাকা :
_bবাঙলা একাডেমী,
_c1967.
300 _a301 p. :
_c27 cm.
650 _aHistory
_xDictionaries
700 _aরহমান, মোহাম্মদ মতিওর
942 _2ddc
_cREF